00351nam a22001217a 450000500170000000800410001702000180005804000130007608200230008924500790011226000270019130000110021820170622141141.0170622b xxu||||| |||| 00| 0 eng d a9781118784044 cPK-LaUMT aR 302.230803bINT- aThe international encyclopedia of media effects/cPatrick Rossler (editor) aChennai:bWiley,c2017 a430 p.